| 000 | 01331nam0a22004931 4500 | ||
|---|---|---|---|
| 001 | RU\NLR\A1SV\12654 | ||
| 005 | 20260225112254.1 | ||
| 035 | _a(NLR Aleph) 009697979 | ||
| 090 |
_a9769679 _c9769679 |
||
| 100 | _a19990708d1920 u y0rusy50 ca | ||
| 101 | 1 |
_arus _cdan |
|
| 102 | _aRU | ||
| 200 | 1 |
_aЗолото _eДрама в 4 д. _fКарен Брамсон _gПер. с дат. Анны Ганзен |
|
| 210 |
_aПб. _cГос. изд. _d1920 |
||
| 215 |
_a112 с. _d17 см |
||
| 620 | _dСанкт-Петербург | ||
| 700 | 1 |
_aБрамсон _bК. _f1875-1936 _gКарен |
|
| 702 | 1 |
_aГанзен _bА. В. _f1869-1942 _gАнна Васильевна |
|
| 801 | 0 |
_aRU _bNLR _c19990708 |
|
| 852 |
_aNLR _j17.128.3.4 |
||
| 899 | _aГПИБ | ||
| 899 | _aSLK | ||
| 899 | _aИОГУНБ | ||
| 899 | _aLatNB | ||
| 899 | _aПТБ | ||
| 899 | _aРГБИ | ||
| 899 | _aСОУНБ | ||
| 899 | _aЧОУНБ | ||
| 899 | _aРКП | ||
| 899 | _aРГБ | ||
| 899 | _aНБЛ КГУ | ||
| 899 | _aКирОУНБ | ||
| 899 | _aВладОУНБ | ||
| 899 | _aНБ РКаз. | ||
| 899 | _aNLG | ||
| 899 | _aТамбОУНБ | ||
| 899 | _aТОУНБ | ||
| 899 | _aНБ ТГУ | ||
| 899 | _aОренбургОУНБ | ||
| 942 | _cBOOK | ||
| 980 | _aNB | ||
| 980 | _aA1SV | ||
| 980 | _aA1SV | ||